Control de calidad
Enregistré dans:
| Auteur principal: | |
|---|---|
| Format: | Livre |
| Langue: | espagnol |
| Publié: |
Cuernavaca
Pearson Educación
2009
|
| Édition: | 8a. ed |
| Sujets: | |
| Tags: |
Ajouter un tag
Pas de tags, Soyez le premier à ajouter un tag!
|
MARC
| LEADER | 00000nam a2200000 a 4500 | ||
|---|---|---|---|
| 001 | UCH5085 | ||
| 003 | CL-VaPUC | ||
| 005 | 20231215175953.0 | ||
| 008 | 090916e20090000MX |||||||||||||||||spa|d | ||
| 999 | |c 336289 |d 336287 | ||
| 020 | |a 9786074421217 | ||
| 040 | |c Pontificia Universidad Católica de Valparaíso | ||
| 082 | 0 | 4 | |a 658.562 |b BES |2 21 |
| 100 | 0 | |a Besterfield, Dale H |e author |9 541229 | |
| 245 | 1 | 0 | |a Control de calidad |
| 250 | |a 8a. ed | ||
| 260 | |a Cuernavaca |b Pearson Educación |c 2009 | ||
| 300 | |a 552 p | ||
| 583 | |a last modification |c 20090916 00:00:00 |k Rodrigo Vera | ||
| 650 | 0 | |a Calidad total |9 259929 | |
| 650 | 0 | |a Estadística industrial |9 886556 | |
| 650 | 0 | |a Gestión de empresas |9 433832 | |
| 942 | |c BK |2 ddc | ||
| 945 | |d 20090916 00:00:00 |a dcastane | ||
| 952 | |0 0 |1 0 |4 0 |6 658_562000000000000_BES_2009 |7 0 |8 R |9 427318 |a BIBENE |b BIBENE |d 2019-11-22 |i 4601955 |l 1 |o 658.562 BES 2009 |p 4601955 |r 2025-01-15 |s 2023-06-16 |w 2019-11-22 |y BK_R |k ICO | ||